00286cam a2200121ua 4500041001000000082001900010100001700029245004700046250001200093260004300105300001100148504000500159 aengh a828.09bMUL/AD aMallik, B R. aAddison / cB R Mallik.hTextual Documents a3 / b. aNew Delhi : bS.Chand and Co , c1965. a68 ; . a